000 00915nam a2200217Ia 4500
001 16619
003 GE_BSU
008 181216s||||||||xx |||||||||||||| ||und||
040 _cGE_BSU
080 _a821.353.1-1 + 821.353.1-144
100 _aმარგიანი, რევაზ (1916-1984)
245 _aლექსები, ბალადები. სიმღერები კომუნიზმსა და მშვიდობაზე
245 _cრედ.შ.სულაბერიძე. მხ.გ.გორდელაძე
260 _aთბილისი
260 _bსახელგამი
260 _c1954
300 _a282გვ. : 1ფურც. პორტრ. 20სმ.
653 _aლექსები, ბალადები
653 _aსიმღერები კომუნიზმსა და მშვიდობაზე
942 _cBK
999 _c49686
_d49686